| 000 | 00540nam a22001937a 4500 | ||
|---|---|---|---|
| 003 | PILC | ||
| 005 | 20151028083319.0 | ||
| 008 | 130313t xxu||||| |||| 00| 0 eng d | ||
| 020 | _a0517203022 | ||
| 050 |
_aPZ 8 _b.F172 1989 |
||
| 082 |
_aGS 398.2 _bM9855 1998 |
||
| 100 |
_aHarbour, Jennie _921304 |
||
| 245 | _aFairy tales / | ||
| 260 |
_aNew York, N.Y. : _bDerrydale, _c1998. |
||
| 300 |
_a88 p. : _bill. ; _c23 cm. |
||
| 520 | _aPuss in boots Hansel and gretel The golden bird Snow white | ||
| 942 |
_2lcc _cBK |
||
| 999 |
_c11918 _d11918 |
||